| 000 | 00334nam a2200133Ia 4500 | ||
|---|---|---|---|
| 008 | 180728s9999||||xx |||||||||||||| ||und|| | ||
| 020 | _a9788126541201 | ||
| 082 |
_a519.7 _bGAR/B |
||
| 100 | _aGardener, Mark | ||
| 245 | 0 | _aBeginning R- The Statistical Programming Language | |
| 260 |
_aDelhi _bWiley _c2017 |
||
| 300 | _a475p. | ||
| 942 | _cBK | ||
| 999 |
_c53 _d53 |
||